[Event "GER-chT U20"]
[Site "Borken"]
[Date "2016.12.28"]
[Round "4.5"]
[White "Birnkraut, Tim"]
[Black "Lehne, Arwin Hugo"]
[Result "1-0"]
[WhiteElo "1878"]
[BlackElo "1570"]
[PlyCount "113"]
[EventDate "2016.12.27"]
[EventType "team-swiss"]
[EventRounds "7"]
[EventCountry "GER"]
[SourceTitle "EXT 2018"]
[Source "ChessBase"]
[SourceDate "2017.10.13"]
[SourceVersion "1"]
[SourceVersionDate "2017.10.13"]
[SourceQuality "1"]
[WhiteTeam "Brackel"]
[BlackTeam "Coswig"]
[WhiteTeamCountry "GER"]
[BlackTeamCountry "GER"]

1. e4 c5 2. c3 e6 3. d4 cxd4 4. cxd4 d5 5. e5 Nc6 6. Nf3 Bb4+ 7. Nc3 Nge7 8. a3 Ba5 9. b4 Bb6 10. Bb2 a6 11. Rc1 Bd7 12. Na4 0-0 13. Bd3 Rc8 14. Nc5 Bxc5 15. Rxc5 Na7 16. Qc2 Rc6 17. Bxh7+ Kh8 18. Bd3 Qc7 19. Rxc6 Qxc6 20. Qxc6 Naxc6 21. 0-0 b5 22. Nd2 Nc8 23. f4 Nb6 24. Bc2 Ne7 25. g4 Rc8 26. Rc1 Nc4 27. Nxc4 dxc4 28. Be4 Bc6 29. Bxc6 Rxc6 30. Bc3 Nd5 31. f5 Nxc3 32. Rxc3 Rc8 33. Kf2 Rd8 34. Ke3 Kh7 35. Ke4 Kg8 36. Rf3 Rd7 37. Ke3 Rd8 38. Rf4 Rc8 39. Rf2 Rd8 40. h3 Ra8 41. Kd2 Rd8 42. Kc3 Rd7 43. Ra2 Rb7 44. a4 Rb6 45. axb5 axb5 46. h4 f6 47. fxe6 Rxe6 48. Ra8+ Kh7 49. Rb8 fxe5 50. Rxb5 exd4+ 51. Kxd4 Rf6 52. Rf5 Rg6 53. Rf4 Rc6 54. Kc3 g5 55. hxg5 Kg6 56. Rf6+ Rxf6 57. gxf6 1-0

[Event "GER-chT U14"]
[Site "Verden"]
[Date "2015.12.28"]
[Round "3.2"]
[White "Salem Elier, Ali"]
[Black "Lehne, Arwin Hugo"]
[Result "1-0"]
[WhiteElo "1567"]
[BlackElo "1573"]
[PlyCount "95"]
[EventDate "2015.12.27"]
[EventType "team-swiss"]
[EventRounds "7"]
[EventCountry "GER"]
[SourceTitle "EXT 2017"]
[Source "ChessBase"]
[SourceDate "2016.10.25"]
[SourceVersion "1"]
[SourceVersionDate "2016.10.25"]
[SourceQuality "1"]
[WhiteTeam "Brackel"]
[BlackTeam "Coswig"]
[WhiteTeamCountry "GER"]
[BlackTeamCountry "GER"]

1. e4 c5 2. d4 cxd4 3. c3 d3 4. Bxd3 Nc6 5. c4 g6 6. Nf3 Bg7 7. Nc3 Nf6 8. 0-0 0-0 9. h3 d6 10. Be3 Nd7 11. Qe2 Nde5 12. Nxe5 Nxe5 13. Rac1 Be6 14. Rfd1 a6 15. Nd5 Bxd5 16. cxd5 Rc8 17. Bb1 Rxc1 18. Rxc1 Qb8 19. Qc2 b5 20. b3 e6 21. Qc7 Qxc7 22. Rxc7 Ra8 23. f4 exd5 24. fxe5 Bxe5 25. exd5 Kf8 26. Kf2 h5 27. Ra7 Rxa7 28. Bxa7 Ke7 29. Kf3 f5 30. Bb6 Bc3 31. g4 fxg4+ 32. hxg4 hxg4+ 33. Kxg4 Kf6 34. Be4 Ke5 35. Bg2 Kf6 36. Bd8+ Kf7 37. Be4 Bb4 38. Bd3 Ba3 39. Ba5 Kf6 40. Bc3+ Kf7 41. Kh4 Bc5 42. Be2 Ba3 43. Bg4 Bc5 44. b4 Ke7 45. bxc5 dxc5 46. Be5 c4 47. d6+ Kd8 48. Bf6+ 1-0

[Event "GER-chT U14"]
[Site "Verden"]
[Date "2015.12.27"]
[Round "1.2"]
[White "Kreutzmann, Duke"]
[Black "Lehne, Arwin Hugo"]
[Result "1-0"]
[WhiteElo "1817"]
[BlackElo "1573"]
[PlyCount "137"]
[EventDate "2015.12.27"]
[EventType "team-swiss"]
[EventRounds "7"]
[EventCountry "GER"]
[SourceTitle "EXT 2017"]
[Source "ChessBase"]
[SourceDate "2016.10.25"]
[SourceVersion "1"]
[SourceVersionDate "2016.10.25"]
[SourceQuality "1"]
[WhiteTeam "Duesseldorf"]
[BlackTeam "Coswig"]
[WhiteTeamCountry "GER"]
[BlackTeamCountry "GER"]

1. c4 c5 2. Nc3 Nc6 3. g3 g6 4. Bg2 Bg7 5. a3 d6 6. Rb1 Nf6 7. Nf3 0-0 8. 0-0 a6 9. d3 Rb8 10. Nd2 Ne5 11. b4 Ned7 12. Nde4 Nxe4 13. Nxe4 b6 14. Bf4 Bb7 15. Qd2 Qc7 16. Rfc1 Rfc8 17. h3 Qd8 18. Kh2 Qc7 19. Rb3 Ba8 20. Rcb1 Qd8 21. Be3 Qc7 22. Bf4 Qd8 23. Nc3 Bxg2 24. Kxg2 Qc7 25. Kg1 Qd8 26. Ne4 Qc7 27. Rc1 Qd8 28. Rbb1 Qc7 29. Qd1 Qd8 30. Qd2 Qc7 31. Kh2 Qd8 32. Nc3 Qc7 33. Kg1 Qd8 34. Rb3 Qc7 35. Ne4 Qd8 36. Rcb1 Qc7 37. Qc1 Qd8 38. Nc3 Qc7 39. Qe3 Qd8 40. Nd5 e5 41. Bg5 f6 42. Bh6 Kf7 43. Qc1 Kg8 44. R1b2 Kf7 45. Kh2 Kg8 46. Bxg7 Kxg7 47. Qb1 Kf7 48. bxc5 bxc5 49. Rb7 Rxb7 50. Rxb7 Ke6 51. Kg2 Rc6 52. Qc1 Qc8 53. Qb2 Qd8 54. Qc3 Qc8 55. Qb3 Qd8 56. Qa4 Qc8 57. Qb3 Qd8 58. e4 Qc8 59. Qb2 Qd8 60. Qd2 Qf8 61. Qe2 f5 62. Qd2 h6 63. Qc1 g5 64. exf5+ Qxf5 65. Qb1 Qf8 66. Rxd7 Kxd7 67. Qb7+ Ke6 68. Qxc6 a5 69. Ne3 1-0

[Event "GER-chT U14"]
[Site "Regensburg"]
[Date "2014.12.27"]
[Round "1.3"]
[White "Wacker, Andreas"]
[Black "Lehne, Arwin Hugo"]
[Result "1/2-1/2"]
[WhiteElo "1416"]
[BlackElo "1454"]
[PlyCount "56"]
[EventDate "2014.12.27"]
[EventType "team-swiss"]
[EventRounds "7"]
[EventCountry "GER"]
[SourceTitle "EXT 2016"]
[Source "ChessBase"]
[SourceDate "2015.10.08"]
[SourceVersion "1"]
[SourceVersionDate "2015.10.08"]
[SourceQuality "1"]
[WhiteTeam "Lambsheim"]
[BlackTeam "Coswig TuS"]
[WhiteTeamCountry "GER"]
[BlackTeamCountry "GER"]

1. e4 c5 2. Nf3 Nc6 3. Nc3 g6 4. d3 Bg7 5. Be2 d6 6. 0-0 Nf6 7. Be3 0-0 8. h3 a6 9. d4 cxd4 10. Nxd4 Bd7 11. Nxc6 Bxc6 12. Bf3 Nd7 13. Bd4 Bxd4 14. Qxd4 Qb6 15. Qxb6 Nxb6 16. b3 Nd7 17. Nd5 Bxd5 18. exd5 Ne5 19. Be2 Rac8 20. c4 Rc5 21. Rfe1 Re8 22. f4 Nd7 23. a3 Nf6 24. Bd3 Kf8 25. g3 Kg7 26. Re2 Nh5 27. Kg2 Kf6 28. Rf1 Kg7 1/2-1/2

[Event "GER-chT U12"]
[Site "Schney"]
[Date "2013.12.28"]
[Round "3.3"]
[White "Lehne, Arwin Hugo"]
[Black "Niemann, Alexander"]
[Result "0-1"]
[WhiteElo "1336"]
[BlackElo "1667"]
[PlyCount "104"]
[EventDate "2013.12.27"]
[EventType "team-swiss"]
[EventRounds "7"]
[EventCountry "GER"]
[SourceTitle "EXT 2015"]
[Source "ChessBase"]
[SourceDate "2014.11.20"]
[SourceVersion "1"]
[SourceVersionDate "2014.11.20"]
[SourceQuality "1"]
[WhiteTeam "Coswig"]
[BlackTeam "Magdeburg Aufbau Elbe"]
[WhiteTeamCountry "GER"]
[BlackTeamCountry "GER"]

1. c4 e5 2. Nc3 Nc6 3. g3 g6 4. Bg2 Bg7 5. d3 Nf6 6. Nf3 d6 7. 0-0 Be6 8. Be3 0-0 9. Qd2 Ng4 10. a3 Nxe3 11. Qxe3 Nd4 12. Rac1 Nxf3+ 13. Qxf3 c6 14. Rfd1 Qd7 15. Qe3 f5 16. b3 f4 17. Qd2 Bh3 18. Rf1 Bxg2 19. Kxg2 Rf5 20. Ne4 Rh5 21. h4 g5 22. Nxg5 Qg4 23. Nf3 Bh6 24. Qb4 fxg3 25. Rb1 Bf4 26. Rg1 c5 27. Qxb7 Rf8 28. Kf1 Qh3+ 29. Ke1 Kh8 30. Kd1 Rhf5 31. fxg3 Be3 32. Ng5 Rxg5 33. Rh1 Rf1+ 34. Kc2 Qxh1 35. Qxh1 Rxh1 36. Rxh1 Rxg3 37. Rf1 Rg2 38. Kd1 Rg1 39. Rxg1 Bxg1 40. b4 cxb4 41. axb4 h5 42. Ke1 Bb6 43. b5 Kg7 44. Kf1 Kf6 45. Kg2 Kf5 46. Kf3 Bd8 47. Kg3 Be7 48. e3 Bf6 49. e4+ Ke6 50. Kf3 Bxh4 51. Ke2 Bg5 52. Kd1 Be3 0-1

[Event "GER-chT U12"]
[Site "Schney"]
[Date "2013.12.28"]
[Round "4.3"]
[White "Wanke, Mathis"]
[Black "Lehne, Arwin Hugo"]
[Result "1/2-1/2"]
[WhiteElo "1326"]
[BlackElo "1336"]
[PlyCount "62"]
[EventDate "2013.12.27"]
[EventType "team-swiss"]
[EventRounds "7"]
[EventCountry "GER"]
[SourceTitle "EXT 2015"]
[Source "ChessBase"]
[SourceDate "2014.11.20"]
[SourceVersion "1"]
[SourceVersionDate "2014.11.20"]
[SourceQuality "1"]
[WhiteTeam "Paderborn"]
[BlackTeam "Coswig"]
[WhiteTeamCountry "GER"]
[BlackTeamCountry "GER"]

1. d4 d5 2. Bf4 Nf6 3. Nf3 e6 4. e3 c5 5. c3 Nc6 6. Bd3 Bd6 7. Bg3 0-0 8. Nbd2 b6 9. 0-0 Bb7 10. Qe2 Qc7 11. e4 Bxg3 12. hxg3 dxe4 13. Nxe4 Nxe4 14. Bxe4 cxd4 15. Bxc6 Qxc6 16. cxd4 Qe4 17. Rfe1 Qxe2 18. Rxe2 Bxf3 19. gxf3 Rfd8 20. Rd2 Rd5 21. f4 Rad8 22. Rc1 f6 23. Rcd1 Kf7 24. Kg2 e5 25. fxe5 fxe5 26. Kf3 Rxd4 27. Rxd4 Rxd4 28. Rxd4 exd4 29. Ke4 Ke6 30. Kxd4 Kd6 31. f3 h5 1/2-1/2

[Event "Sachsen-ch U12"]
[Site "Sebnitz"]
[Date "2013.04.05"]
[Round "6"]
[White "Lehne, Arwin Hugo"]
[Black "Renger, Niklas"]
[Result "0-1"]
[WhiteElo "1508"]
[BlackElo "1735"]
[PlyCount "70"]
[EventDate "2013.04.02"]
[EventType "swiss"]
[EventRounds "7"]
[EventCountry "GER"]
[SourceTitle "EXT 2014"]
[Source "ChessBase"]
[SourceDate "2013.11.20"]
[SourceVersion "1"]
[SourceVersionDate "2013.11.20"]
[SourceQuality "1"]

1. c4 c5 2. Nc3 b6 3. Nf3 Bb7 4. g3 Nf6 5. Bg2 e6 6. 0-0 Be7 7. d3 0-0 8. Bf4 d5 9. Ne5 Nbd7 10. cxd5 Nxe5 11. Bxe5 Nxd5 12. Qd2 Qd7 13. Nxd5 Bxd5 14. b3 Bxg2 15. Bxg7 Bxf1 16. Bc3 Qd5 17. f3 Qf5 18. Rxf1 Bf6 19. Bxf6 Qxf6 20. h4 Rad8 21. Kg2 Kh8 22. Rh1 Rg8 23. g4 Rd4 24. g5 Qg7 25. e3 Rd5 26. f4 Rgd8 27. d4 Qg6 28. Kf3 Qh5+ 29. Kg3 cxd4 30. Qb2 Kg8 31. e4 Rc5 32. Rc1 Rc3+ 33. Rxc3 dxc3 34. Qxc3 Qe2 35. f5 Rd3+ 0-1

[Event "GER-chT U12"]
[Site "Verden"]
[Date "2012.12.27"]
[Round "2.3"]
[White "Chernykh, Arkady"]
[Black "Lehne, Arwin Hugo"]
[Result "0-1"]
[WhiteElo "1192"]
[BlackElo "1289"]
[PlyCount "62"]
[EventDate "2012.12.27"]
[EventType "team-swiss"]
[EventRounds "7"]
[EventCountry "GER"]
[SourceTitle "EXT 2014"]
[Source "ChessBase"]
[SourceDate "2013.11.20"]
[SourceVersion "1"]
[SourceVersionDate "2013.11.20"]
[SourceQuality "1"]
[WhiteTeam "Karlsruhe 1853"]
[BlackTeam "Coswig 1920"]
[WhiteTeamCountry "GER"]
[BlackTeamCountry "GER"]

1. e4 c5 2. Nc3 Nc6 3. Bc4 g6 4. Nf3 Bg7 5. d3 e6 6. Be3 b6 7. Qd2 Nge7 8. Nb5 0-0 9. Bf4 e5 10. Bh6 a6 11. Bxg7 Kxg7 12. Nc3 b5 13. Bb3 Bb7 14. a4 Qb6 15. Nd5 Nxd5 16. Bxd5 Nb4 17. Bxb7 Qxb7 18. Nxe5 d5 19. Qc3 Kg8 20. Qxc5 dxe4 21. Qxb4 exd3 22. Nxd3 Qxg2 23. 0-0-0 bxa4 24. Qxa4 Rfc8 25. Qd7 Qe4 26. Rhe1 Qc4 27. c3 Rd8 28. Ne5 Qf4+ 29. Qd2 Rxd2 30. Rxd2 Rd8 31. Nd3 Rxd3 0-1

[Event "Sachsen-ch U08"]
[Site "Sebnitz"]
[Date "2009.04.15"]
[Round "2"]
[White "Lehne, Arwin Hugo"]
[Black "Renger, Niklas"]
[Result "0-1"]
[WhiteElo "790"]
[BlackElo "1013"]
[PlyCount "44"]
[EventDate "2009.04.14"]
[EventType "swiss"]
[EventRounds "7"]
[EventCountry "GER"]
[SourceTitle "EXT 2010"]
[Source "ChessBase"]
[SourceDate "2010.11.25"]
[SourceVersion "1"]
[SourceVersionDate "2010.11.25"]
[SourceQuality "1"]

1. e4 c5 2. Bc4 d6 3. Nf3 Nc6 4. 0-0 Nf6 5. e5 dxe5 6. Bb5 Bg4 7. Nxe5 Bxd1 8. Bxc6+ bxc6 9. Nxc6 Qc7 10. Rxd1 Qxc6 11. Re1 e6 12. Nc3 Bd6 13. Rb1 Qc7 14. g3 h5 15. Nb5 Qb6 16. Nc3 h4 17. Na4 Qb8 18. Re3 hxg3 19. Rb3 gxf2+ 20. Kxf2 Rxh2+ 21. Kg1 Qc7 22. Rg3 Bxg3 0-1